000 00800nam a2200241Ii 4500
003 JO-AjNU
008 230605s9999||||xx |||||||||||||| ||und||
017 _a1979/4245
020 _a977-266-334-1
040 _aJO-AjNU
_bara
_erda
_cJO-AjNU
041 _aara
050 1 4 _aBF632.Q2745.1979
100 3 _aقشقوش،ابراهيم ، منصور،طلعت,
_eauthor
_920271
245 0 0 _aدافعية الإنجاز وقياسها، مج2
250 _aط1
264 3 1 _aالقاهرة:مكتبة الانجلو المصرية ،1979
300 _aمج2، 295ص
336 _atext
_btxt
_2rdacontent
337 _aunmediated
_bn
_2rdamedia
338 _avolume
_bnc
_2rdacarrier
490 0 _aدراسات في علم النفس الدافعي
650 4 _aعلم نفس تجريبي
_920272
999 _aA6840
_c10408
_d10408